00829nam a2200217Ia 4500003000900000008004100009020001800050040001600068080001500084245018500099260003400284300001500318650004200333650001900375700003400394700003400428700002900462942000700491999001500498952009800513IN-BaIIA211028s9999 xx 000 0 eng d a0-8247-1714-7 cIIA Library a92:53bACA 0aAcademician andrei dmitrievich sakharovbcollected scientific workscedited by D. Ter Harr, D. V. Chudnovsky and G. V. Chudnovsky  aNew YorkbMarcel Dekkerc1982 axvi, 303p. aA. D. Sakharov-Collected works913420 aNASA Thesaurus aChudnovsky, D. V., ed.913421 aChudnovsky, G. V., ed.913422 aTer Harr, D., ed.913423 cBK c7955d7955 00104070aBANbBANcGENd1984-10-15l0o92:53/ ACAp8778r2021-11-05w1984-10-15yBK 33.00